000 00462nam a22001457a 4500
020 _qHard Cover.
040 _cSINES.
082 _2570.2
_aRAN
100 _aMarvah Mehmood Rana.
_9104098
245 _aProbing the Mechanistic and Therapeutic Intervention for the Drug Induced Age Reverse Procedure /
_cRana, Marvah Mehmood
260 _aIslamabad:
_bSINES-NUST,
_c2022.
300 _a97 p. :
_bill. ;
_c35cm.
650 _xMS-Bioinformatics.
942 _2ddc
_cTHE
999 _c592589
_d592589